000 00511nam a22001932 4500
001 0000004492
005 20170406115852.0
008 141001s xx 000 0 eng d
020 _c$
040 _aYour Holding Symbol
_cYour Holding Symbol
100 1 _aScott,Walter SIR.
245 1 0 _aWaverley or, tis sixty years since.
250 _a ed.
260 _aNew york :
_b A SIGNET,
_c1964.
300 _a576 p. ;
_c cm.
504 _aBIBLIOGRAPHY.
650 0 _aFICTION.
908 _a141001
999 _c4317
_d4317